000 01278nam a22003857a 4500
001 0072932
003 KOHA_MİRAKIL
005 20260207005115.0
007 ta
008 250108b1999 tu |||grd|||#0|||1|tur |
020 _a0631180893
020 _a0631214828
040 _aTR-BiSEU
_btur
_cTR-BiSEU
_erda
041 0 _atur
_aeng
044 _ctu
050 _aP129
_b.E53 1999
245 0 _aEncyclopedic dictionary of applied linguistics: a handbook for language teaching/
_cedited by Keith Johnson and Helen Johnson.
264 1 _aOxford, UK Cambridge, Mass. :
_bBlackwell Publishers
_c1999
300 _aVIII, 389 pages; 24 cm.
336 _ametin
_btxt
_2rdacontent
337 _aaracısız
_bn
_2rdamedia
338 _acilt
_bnc
_2rdacarrier
500 _aReferences are at the end of the chapter.
500 _aThere is a directory.
650 0 _aApplied linguistics--Dictionaries.
_9145921
650 0 _aElectronic books.
_93193
650 0 _aDictionaries.
_91709
650 0 _aLanguage and languages--Dictionaries.
_9145922
650 0 _aUygulamalı dilbilim--Sözlükler.
_9145923
650 0 _aElektronik kitaplar.
_9116586
650 0 _aSözlükler.
_91707
650 0 _aDil ve diller--Sözlükler.
_965721
907 _aSözlük
942 _2lcc
_cBK
999 _c73686
_d73686